Cantashow n. 2 - Ragazzi insieme regioni in gara (Record n. 101129)
[ formato base ]
| 000 -LEADER | |
|---|---|
| fixed length control field | 01982njm a2200301Ia 4500 |
| 001 - CONTROL NUMBER | |
| control field | H7883 |
| 003 - CONTROL NUMBER IDENTIFIER | |
| control field | IT-RoPAU |
| 005 - DATE AND TIME OF LATEST TRANSACTION | |
| control field | 20220918181139.0 |
| 008 - FIXED-LENGTH DATA ELEMENTS--GENERAL INFORMATION | |
| fixed length control field | 131025s9999 xx 000 0 und d |
| 040 ## - CATALOGING SOURCE | |
| Original cataloging agency | IT-RoPAU |
| 040 ## - CATALOGING SOURCE | |
| Transcribing agency | IT-RoPAU |
| 041 ## - LANGUAGE CODE | |
| Language code of text/sound track or separate title | ITALIANO |
| 999 ## - SYSTEM CONTROL NUMBERS (KOHA) | |
| Koha Dewey Subclass [OBSOLETE] | n.d. |
| 100 ## - MAIN ENTRY--PERSONAL NAME | |
| Personal name | AA.VV. |
| 9 (RLIN) | 794 |
| 100 ## - MAIN ENTRY--PERSONAL NAME | |
| Relator term | Autore musica |
| 9 (RLIN) | 33645 |
| 100 ## - MAIN ENTRY--PERSONAL NAME | |
| Miscellaneous information | Codice autore musica SPICS: 12000 |
| 9 (RLIN) | 796 |
| 245 ## - TITLE STATEMENT | |
| Title | Cantashow n. 2 - Ragazzi insieme regioni in gara |
| 250 ## - EDITION STATEMENT | |
| Edition statement | 1a ed. |
| 260 ## - PUBLICATION, DISTRIBUTION, ETC. (IMPRINT) | |
| Place of publication, distribution, etc. | MILANO |
| 260 ## - PUBLICATION, DISTRIBUTION, ETC. (IMPRINT) | |
| Name of publisher, distributor, etc. | MULTIMEDIA SAN PAOLO |
| Date of publication, distribution, etc. | 2007 [1a Ed.:2007 - Ed. Lingua Orig.: 2007] |
| 300 ## - PHYSICAL DESCRIPTION | |
| Extent | COMPACT DISC |
| 300 ## - PHYSICAL DESCRIPTION | |
| Dimensions | 47 minuti (Testo: 0 pag.) |
| 500 ## - GENERAL NOTE | |
| General note | Musica folk. Canzone italiana. Canzoni nate dalla manifestazione televisiva Gran Palio delle Regioni. |
| 505 ## - FORMATTED CONTENTS NOTE | |
| Formatted contents note | Gran Palio delle Regioni (G. Grottoli - A. Vaschetti, cantata da Skanzio e Pikkio) - Leo l'inventore (A. Di Tullio - G. Gallucci - A. Rucco, canta Andrea Caffaratti) - L'arcobaleno (D. Cardilli - M. Perani, canta Chiara Piccioli) - Re Frigerio (Fragolo - M.C. Meloni - A. Vaschetti, canta Mauro Farci) - Un ritmo pazzesco (L. Albani - P. Venezia, canta Lucrezia Scaglianti) - Zio Giò (Fagit - I. Janne, canta Matteo Penzo) - Il babà di Alì Papà (A.Visintainer, canta Lucilla Minervini) - Macedonia di colori (A. Giovannelli - P. Angelini, canta Erica Lo Presti) - L'amore non si calcola (G. Perone- M. Versaci, canta Romina De Gasperis) - E' vero o no? (M. Pipino, canta Stefano Farinetti) - Che ne dici mamma? (T. Brenni - A. Vaschetti, canta Francesca Ferri) - Perché perché (M. Muttarini - L. Virago, cantano Erika e Rossella Saporito) - Anagramma sul pentagramma (P. Vallerga - M. Bigi, canta Daniele Rizzitiello) - Il clown del sorriso (G. Grottoli - A. Vaschetti, canta Eleonora Brenni). |
| 650 ## - SUBJECT ADDED ENTRY--TOPICAL TERM | |
| Topical term or geographic name as entry element | FOLK [COMPACT DISC] |
| Relator term | Codice MATERIA SPICS: 9949 |
| 9 (RLIN) | 33646 |
| 700 ## - ADDED ENTRY--PERSONAL NAME | |
| Personal name | AA.VV. |
| Relator term | Autore testo e musica |
| Miscellaneous information | Codice autore testo/musica SPICS: 12000 |
| 9 (RLIN) | 33647 |
| 942 ## - ADDED ENTRY ELEMENTS (KOHA) | |
| Koha item type | CD AUDIO |
| Source of classification or shelving scheme | Dewey Decimal Classification |
| Withdrawn status | Lost status | Damaged status | Not for loan | Home library | Current library | Date acquired | Total Checkouts | Full call number | Date last seen | Price effective from | Koha item type | Public note |
|---|---|---|---|---|---|---|---|---|---|---|---|---|
| Buone Condizioni | Not For Loan | SPICS-MEDIATECA | SPICS-MEDIATECA | 25/10/2013 | H7883 | 25/10/2013 | 25/10/2013 | CD AUDIO | Progr. Ins.: 23149 / N.Vol.: 2 / Copie: 1 - Copia rara: n.d. / date import: 01.01.2014 - By Epidotti, Trombetti, Vaglietti |